01190cam a22003614i 4500003000900000005001700009008004100026035001900067035001900086040003300105100002700138245006600165264008600231300003300317336002100350337002500371338002300396505028600419526001000705526001000715526000900725526000900734526000900743526000900752526000900761526000900770526000900779526000800788526000800796526000800804526000800812526000800820PE-LiUPU20250731165531.0150623s r 000 0 d a(Sirsi) a29638 a(Sirsi) a29638 aPE-LiUPUbspacPE-LiUPUerda1 aCalvino, Juan,eautor.10aInstitución de la religión cristiana.n2 /cJuan Calvino. 1aRijswijk, Paises Bajos :bFundación Editorial de Literatura Reformada,c[196.]. a623-1262 páginas ;c23 cm. atext2rdacontent aunmediated2rdamedia avolume2rdacarrier0 aDe la manera de participar de la gracia de Jesucristo frutos que se obtienen de ello y efectos que se siguen. (623 al 728 p.). -De los medios externos o ayudas de que Dios se sirve para llamarnos a la compañia de su hijo, Jesucristo, y para mantenernos en ella. (803 al 1167 p.). aSEG44 aSEG26 aP151 aP150 aP149 aP146 aP145 aP126 aP125 aP92 aP75 aP74 aP27 aP15